Počet spoločných obecných úradov rastie pomaly
Pomalý nárast spoločných obecných úradov. Ich význam sa však zvyšuje prechodom nových kompetencií. Priveľké rozdrobenie úradov by stratilo ich zmysel. Napr. združenie ich financií by pomohlo obciam najmä v čase havárií. Samospráva sa obáva najmä stavebného konania. Spoločné úrady by mali byť efektív...
Saved in:
| Main Author: | |
|---|---|
| Format: | Book Chapter |
| Language: | Slovak |
| Subjects: | |
| Tags: |
No Tags, Be the first to tag this record!
|
MARC
| LEADER | 00000naa a2200000 4500 | ||
|---|---|---|---|
| 001 | r046772 | ||
| 005 | 20230921113649.8 | ||
| 041 | 0 | |a slo | |
| 044 | |a SK | ||
| 245 | 1 | 0 | |a Počet spoločných obecných úradov rastie pomaly |c Eva Reiselová |
| 520 | |a Pomalý nárast spoločných obecných úradov. Ich význam sa však zvyšuje prechodom nových kompetencií. Priveľké rozdrobenie úradov by stratilo ich zmysel. Napr. združenie ich financií by pomohlo obciam najmä v čase havárií. Samospráva sa obáva najmä stavebného konania. Spoločné úrady by mali byť efektívnejšie. | ||
| 610 | 2 | 0 | |a úrady |
| 610 | 2 | 0 | |a obce |
| 610 | 2 | 0 | |a centralizácia |
| 610 | 2 | 0 | |a koordinácia |
| 610 | 2 | 0 | |a financie |
| 610 | 2 | 0 | |a kompetencie |
| 610 | 2 | 0 | |a efektívnosť |
| 610 | 2 | 0 | |a Slovensko |
| 100 | 1 | |a Reiselová, Eva | |